The history of the decline and fall of the roman empire
Gespeichert in:
| 1. Verfasser: | |
|---|---|
| Format: | Buch |
| Sprache: | Englisch |
| Veröffentlicht: |
Filadelfia
Porter and Coates
1845
|
| Schlagworte: | |
| Tags: |
Tag hinzufügen
Keine Tags, Fügen Sie den ersten Tag hinzu!
|
MARC
| LEADER | 00000nam a2200000 a 4500 | ||
|---|---|---|---|
| 001 | UCP9089 | ||
| 003 | CL-VaPUC | ||
| 008 | 000317e18450000US |||||||||||||||||eng|d | ||
| 082 | 0 | 4 | |a 937.06 |b GIB |2 21 |
| 100 | |a Gibbon, Edward |e author |9 474067 | ||
| 245 | 1 | 4 | |a The history of the decline and fall of the roman empire |
| 300 | |a 5 v | ||
| 942 | |c BK | ||
| 945 | |d 20000317 00:00:00 |a rherrera | ||
| 260 | |a Filadelfia |b Porter and Coates |c 1845 | ||
| 650 | 0 | |a Historia de Italia |9 362027 | |
| 650 | 7 | |a ROMA |2 CL-VaPUC |9 317375 | |
| 650 | 0 | |a Imperio Romano |9 322785 | |
| 650 | 7 | |a CAIDA |2 CL-VaPUC |9 439435 | |
| 650 | 7 | |a DECADENCIA |2 CL-VaPUC |9 400479 | |
| 583 | |a last modification |c 20000317 00:00:00 |k Rodrigo Vera | ||
| 999 | |c 285940 |d 285938 | ||
| 952 | |0 0 |1 0 |4 0 |6 937_060000000000000_GIB_1845 |7 0 |8 X |9 330806 |a BIBHIS |b BIBHIS |d 2019-11-20 |h v.1 |i 1395777 |o 937.06 GIB 1845 |p 1395777 |r 2024-01-30 |w 2019-11-20 |y BK_X |k HIS | ||
| 952 | |0 0 |1 0 |4 0 |6 937_060000000000000_GIB_1845 |7 0 |8 X |9 330807 |a BIBHIS |b BIBHIS |d 2019-11-20 |h v.2 |i 1395785 |o 937.06 GIB 1845 |p 1395785 |r 2024-01-30 |w 2019-11-20 |y BK_X |k HIS | ||
| 952 | |0 0 |1 0 |4 0 |6 937_060000000000000_GIB_1845 |7 0 |8 X |9 330808 |a BIBHIS |b BIBHIS |d 2019-11-20 |h v.3 |i 1395807 |o 937.06 GIB 1845 |p 1395807 |r 2024-01-30 |w 2019-11-20 |y BK_X |k HIS | ||
| 952 | |0 0 |1 0 |4 0 |6 937_060000000000000_GIB_1845 |7 0 |8 X |9 330809 |a BIBHIS |b BIBHIS |d 2019-11-20 |h v.4 |i 1395793 |o 937.06 GIB 1845 |p 1395793 |r 2024-01-30 |w 2019-11-20 |y BK_X |k HIS | ||
| 952 | |0 0 |1 0 |4 0 |6 937_060000000000000_GIB_1845 |7 0 |8 X |9 330810 |a BIBHIS |b BIBHIS |d 2019-11-20 |h v.5 |i 1395815 |o 937.06 GIB 1845 |p 1395815 |r 2024-01-30 |w 2019-11-20 |y BK_X |k HIS | ||